| 000 | 00531nam a2200193Ia 4500 | ||
|---|---|---|---|
| 005 | 20250923144633.0 | ||
| 008 | 008 250917s9999 xx 000 0 eng d | ||
| 037 | _aTextual | ||
| 040 |
_aDSWL _beng _cDSWL |
||
| 041 |
_aeng _2eng |
||
| 084 |
_aY131, J7 _qDSWL |
||
| 100 |
_aLoomis, C.P. _9826866 |
||
| 245 | 0 |
_aRural Sociology _cby C.P.Loomis |
|
| 260 |
_aPrentice _b.Prentice-Hall, Inc. _c1957 |
||
| 300 | _axvi,488p. | ||
| 700 |
_aJ.A. Beegle _9826867 |
||
| 942 |
_cTEXL _hY131, J7 |
||
| 999 |
_c1441483 _d1441483 |
||